000 00344nam a22001337a 4500
999 _c17598
_d17598
008 190405b xxu||||| |||| 00| 0 eng d
020 _a8189005566
050 _aLA1154
_b.P36 2011 c.1
100 _aPandey, A. K.
245 _aModern Education for New Generation
260 _aNew Delhi
_bSaurabh
_c2011
300 _a261p.
942 _2lcc
_cBK